00602nam a2200169 a 450000100100000000500170001000800410002702000180006804000250008608200150011110000410012624501070016726000360027430000280031050000580033870000360039600004594920201002052536.0150603s2015 dr a 000 p spa d a9789945890143 aDO-SdBNPbspacBNPHU axxxxbxxxx1 aCoste Coste, Jesús María,d1919-10aRegalo de Dios -2- /cJesús María Coste Coste (Chuchú) ; ilustraciones Odannis Féliz García. aSanto Domingo :bBúho,c2015. a155 p. :bil. ;c23 cm. aIncluye datos biográficos del autor en las solapas.12aFéliz García, Odannis,eil.